Labor legislation of 1912-32. (Record no. 36112)

MARC details
000 -LEADER
fixed length control field 01832cam a22003371 4500
001 - CONTROL NUMBER
control field l 33000128
003 - CONTROL NUMBER IDENTIFIER
control field DLC
005 - DATE AND TIME OF LATEST TRANSACTION
control field 20260227111534.0
008 - FIXED-LENGTH DATA ELEMENTS--GENERAL INFORMATION
fixed length control field 820826m19131933dcu f000 0 eng c
010 ## - LIBRARY OF CONGRESS CONTROL NUMBER
LC control number l 33000128
035 ## - SYSTEM CONTROL NUMBER
System control number (OCoLC)8720529
040 ## - CATALOGING SOURCE
Original cataloging agency U.S. Dept. of Labor. Library.
Transcribing agency OCoLC
Modifying agency DLC
042 ## - AUTHENTICATION CODE
Authentication code premarc
050 00 - LIBRARY OF CONGRESS CALL NUMBER
Classification number HD8051
Item number .A62
051 ## - LIBRARY OF CONGRESS COPY, ISSUE, OFFPRINT STATEMENT
Copy information 2d set.
110 1# - MAIN ENTRY--CORPORATE NAME
Corporate name or jurisdiction name as entry element United States.
Subordinate unit Bureau of Labor Statistics.
245 10 - TITLE STATEMENT
Title Labor legislation of 1912-32.
260 ## - PUBLICATION, DISTRIBUTION, ETC.
Place of publication, distribution, etc. Washington,
Name of publisher, distributor, etc. U.S. Govt. Print. Off.,
Date of publication, distribution, etc. 1913-33.
300 ## - PHYSICAL DESCRIPTION
Extent 17 v.
Dimensions 24 cm.
490 0# - SERIES STATEMENT
Series statement Bulletin ...
Volume/sequential designation no. 111, 166, 186, 213, 244, 257, 277, 292, 308, 330, 403, 434, 470, 486, 528, 552, 590.
Series statement Labor laws of the United States series
500 ## - GENERAL NOTE
General note Issued by the Bureau of Labor Statistics.
500 ## - GENERAL NOTE
General note 1931 and 1932 combined in one volume (no. 590) Compilers: 1912-26, Lindley D. Clark; 1927-28, Daniel F. Callahan and Charles F. Sharkey; 1929-32, Charles F. Sharkey.
500 ## - GENERAL NOTE
General note Statistics for 1908-1909-1911 are found in the Bulletin of the U.S. Bureau of Labor, no. 85, 91 and 97 respectively.
500 ## - GENERAL NOTE
General note Legislation of 1913 was included in the compilation, "Labor laws of the United States ..." issued in 1914 (Bulletin no. 148); and legislation of 1923 and 1924 in "Labor laws of the United States ..." issued in 1925 (Bulletin no. 370) The annual bulletins are supplements of these basic bulletins. 1933- issued as reprints from the Monthly labor review.
500 ## - GENERAL NOTE
General note Issued also as House documents.
650 #0 - SUBJECT ADDED ENTRY--TOPICAL TERM
Topical term or geographic name entry element Labor laws and legislation
Geographic subdivision United States.
700 1# - ADDED ENTRY--PERSONAL NAME
Personal name Clark, Lindley D.
Fuller form of name (Lindley Daniel),
Dates associated with a name 1862-
Relator term comp.
700 1# - ADDED ENTRY--PERSONAL NAME
Personal name Callahan, Daniel F.
Fuller form of name (Daniel Francis),
Relator term comp.
700 1# - ADDED ENTRY--PERSONAL NAME
Personal name Sharkey, Charles F.
Fuller form of name (Charles Francis),
Dates associated with a name 1894-
Relator term comp.
710 1# - ADDED ENTRY--CORPORATE NAME
Corporate name or jurisdiction name as entry element United States.
Title of a work Laws, statutes, etc.

No items available.

Powered by Koha